000 00566nam a2200205Ia 4500
003 OSt
005 20220925225633.0
006 a|||||r|||| 00| 0
007 ta
008 220923b |||||||| |||| 00| 0 eng d
037 _cGeneral Book
040 _aRTL
_cRTL
_beng
041 _2eng
_aeng
082 _aX, H8
100 _aBenham Frederic
_9129968
245 0 _aEconomics
_b A general textbook for students
260 _aLondon
_bSir Issac Pitman & Sons Ltd
_c1948
942 _hX, H8
_cGB
_2CC
999 _c583931
_d583931